Noms de villes amusants - Mort subite - Statistiques

Statistiques générales
  • Ce quiz a été pris 67 fois
  • Le résultat moyen est 4 sur 15
Answers on the Grid
Answers color-coded by a green-red scale on the quiz's grid according to % correct below.
Anus
Baisemont
Batman
Bitche
Boring
Bouffay-en-Pithiviers
Bourré
Bumstead
Buttcrack
Condom
Dégueulis
Dildo
Fartingham
Fugging
Glandouillard
Kissimmee
Llanfairpwllgwyngyllgogerychwyrndrobwllllantysiliogogogoch
Montcuq
Pétoulet-sur-Loire
Pipistrelle
Rigole-sur-Mer
Saint-Genou
Saint-Pschitt
Shitford
Snatchburg
Tétouan-les-Bains
Trécon
Trifouilly-les-Oies
Truth or Consequences
Y
 
Statistiques - réponses
Réponse % Correct
Llanfairpwllgwyngyllgogerychwyrndrobwllllantysiliogogogoch
42%
Anus
40%
Montcuq
40%
Y
38%
Bitche
33%
Trécon
33%
Bourré
31%
Condom
29%
Batman
21%
Dildo
17%
Truth or Consequences
15%
Boring
13%
Fugging
6%
Kissimmee
6%
Saint-Genou
6%
Aucun quiz correspondant
Distribution des résultats
% des personnes avec chaque résultat
Percentile par nombre de réponses
Votre historique - résultats
Vous n’avez pas pris ce quiz